Related Parties in Transfer Pricing

Salvato in:
Dettagli Bibliografici
Autore principale: Ondrušová, Lucia, 1981-
Natura: Capitolo di libro
Lingua:inglese
Soggetti:
Tags: Aggiungi Tag
Nessun Tag, puoi essere il primo ad aggiungerne!!

MARC

LEADER 00000naa a2200000 4500
001 0228674
005 20240502073748.2
041 0 |a eng 
044 |a SK 
245 1 0 |a Related Parties in Transfer Pricing  |c Lucia Ondrušová 
610 2 0 |a prevod bankový 
610 2 0 |a spoločnosti obchodné 
610 2 0 |a ceny 
610 2 0 |a dane z príjmov 
100 1 |a Ondrušová, Lucia, 1981-